Great Balls Of Fire - Jerry Lee Lewis (all lyrics) - Statistics

General Stats
  • This quiz has been taken 54 times
  • The average score is 114 of 188
Answer Stats
Lyrics % Correct
balls
97%
fire
97%
great
97%
of
97%
You
97%
you
97%
a
94%
and
89%
good
89%
I
89%
my
86%
to
86%
will
83%
brain
81%
Goodness
81%
insane
81%
love
81%
shake
81%
drive
78%
man
78%
much
78%
nerves
78%
what
78%
gracious
75%
me
75%
rattle
75%
Too
75%
drives
72%
thrill
69%
broke
67%
honey
61%
it
61%
baby
58%
fun
56%
funny
56%
that
56%
Kiss
53%
kiss
53%
feels
50%
is
50%
You're
50%
you're
50%
fine
47%
ooh
47%
so
47%
thought
47%
was
47%
but
44%
Hold
44%
I'm
44%
along
42%
came
42%
crazy
42%
like
42%
lover
42%
mine
42%
should
42%
this
42%
world
42%
'cause
39%
tell
39%
mind
36%
on
36%
kind
33%
changed
31%
moved
31%
at
28%
I've
28%
laughed
28%
twiddle
28%
Well
28%
Come
25%
sure
25%
thumbs
25%
Got
22%
I'll
22%
nails
19%
then
19%
chew
17%
nervous
17%
real
17%
Real
17%
still
8%
No matching quizzes found
Score Distribution
Percent of People with Each Score
Percentile by Number Answered
Your Score History
You have not taken this quiz